محمد عبد الوهاب : (Record no. 15902)

MARC details
000 -الفاتح
حقل البيانات ثابتة الطول 00876nam a22002417i 4500
003 - محدد رقم الضبط
رقم الضبط EG-ScBUE
005 - وقت وتاريخ اخر تعامل مع التسجيلة
رقم الضبط 20221116032600.0
008 - عناصر البيانات ثابتة الطول - معلومات عامة
حقل البيانات ثابتة الطول 110823s1996 ua o f 000 0 bara d
017 ## - رقم الإيداع القانونى
رقم الإيداع القانونى 1996 / 3730
020 ## - الرقم الدولى المعيارى للكتب
الرقم الدولى المعيارى للكتاب 9775284139
040 ## - مصدر الفهرسة
وكالة الفهرسة الأصلية EG-ScBUE
لغة الفهرسة ara
قواعد الوصف rda
وكالة النسخ EG-ScBUE
وكالة التعديل EG-ScBUE
082 04 - رقم تصنيف ديوى العشرى
رقم الطبعة 22
رقم التصنيف 780.92
رقم المادة ع م ر
100 1# - المدخل الرئيسى - إسم شخصى
9 (RLIN) 26864
الإسم الشخصى العمروسي، مجدي،
الدور مؤلف.
245 10 - بيان العنوان
العنوان محمد عبد الوهاب :
بقية العنوان الإنسان .. والفنان /
بيان المسئوليه,etc بقلم مجدي العمروسي.
250 ## - بيان الطبعة
بيان الطبعة الطبعة الثانية.
264 #1 - النشر، التوزيع
مكان الناشر او الموزع القاهرة :
اسم الناشر او الموزع دار الحياة،
تاريخ النشر أو التوزيع 1996.
300 ## - الوصف المادى
التعداد 435 صفحة :
تفاصيل ماديه اخرى للوعاء صور ؛
أبعاد الوعاء 24 سم
600 17 - المدخل الاضافى بالموضوع-اسم شخصى
9 (RLIN) 26868
الإسم الشخصى عبد الوهاب، محمد.
مصدر الرأس أو المصطلح BUEsh
650 #7 - المدخل الاضافى بالموضوع-مصطلح موضوعى
9 (RLIN) 26867
مصطلح موضوعي أو اسم جغرافي كعنصر مدخل الموسيقيون المصريون
التقسيم الفرعي العام تراجم.
مصدر الرأس أو المصطلح BUEsh
653 ## - مصطلح تكشيفى غير مقيد
Arrived date list August2011
Resource For college Arts and Design
655 ## - مصطلح تكشيفى-نوع/شكل
التقسيم الفرعي الشكلي Reading book
942 ## - عناصر المدخل الإضافي( كوها)
مصدر التصنيف او مخطط الترفيف Dewey Decimal Classification
Koha [default] item type Book - Borrowing
Holdings
حالة التراجع حالة الفقد مصدر التصنيف او خطة الترفيف حالة تلف ليس للاعارة مجموعات كوها المكان الدائم المكان الحالي موقع الترفيف تاريخ الاكتساب Source of acquisition رقم الاستدعاء الباركود Date last seen نوع الوعاء
    Dewey Decimal Classification     Alef-Baa Central Library Central Library Second Floor 23/08/2011   780.92 ع م ر 000024587 15/07/2025 Book - Borrowing